| 000 | 00511nam a2200193Ia 4500 | ||
|---|---|---|---|
| 005 | 20260429112229.0 | ||
| 008 | 260429s9999||||xx |||||||||||||| ||und|| | ||
| 020 | _a9788119920198 | ||
| 041 | _aEnglish | ||
| 082 |
_a546 _bPAN |
||
| 100 | _aPandey, Dinesh | ||
| 245 | 0 |
_aChemical bond in inorganic chemistry / _cDinesh Pandey |
|
| 260 |
_aNew Delhi : _bVenus Books, _c2025. |
||
| 300 | _ax, 252 p.; hb | ||
| 650 | _a Chemical bond | ||
| 650 | _a Inorganic chemistry | ||
| 650 | _aChemistry | ||
| 942 | _cTB | ||
| 999 |
_c53017 _d53017 |
||